00481nam a2200145Ia 4500008004100000020001800041082001700059100002900076245004300105260004100148300001200189942000700201999001900208952010800227191014s9999 xx 000 0 und d a0-521-37757-9 a537.623bVID aGianfranco Vidali920418 0aSuperconductivity The Next Revolution? aUKbCambridge University Pressc1993 axii,165 cBK c531000d531000 00104070aSNSbSNSd2019-10-15eDonationg0.00l0o537.623VIDpSNS0002777r2019-10-15w2019-10-15yBK